• 首页
  • 本馆介绍
  • 公告通知
  • 最新文献
  • 馆藏检索
  • 电子资源
  • 读者导购
  • 参考咨询
  • 我的图书馆
  • 登录
  • 详细信息显示
  • 放入我的书架
  • 预约/预借图书
  • 作者相关作品
  • 分类相关作品
  • 丛书相关作品
  • 出版社相关作品

书目信息

  • 表格格式
  • 工作单格式
  • 卡片格式
题名:
拉美·英伦·女性主义
    
 
作者: 李建群 著
分册:  
出版信息: 北京   中国人民大学出版社  2004
页数: 238页
开本: 24cm
丛书名: 朗朗书房
单 册:
中图分类: J173.009 , J156.109
科图分类:
主题词: 美术史--拉丁美洲 , 美术史--英国 , 美术史
电子资源:
ISBN: 7-300-05791-8
000 01055oam2 2200301 450
001 1232857261
005 20121019090808.24
010    @a7-300-05791-8@dCNY29.80
100    @a20041026d2004 emky0chiy50 ea
101 0  @achi
102    @aCN@b110000
105    @aa z 000yy
200 1  @a拉美·英伦·女性主义@Ala mei · ying lun · nv xing zhu yi@e外国美术史丛谈@f李建群著
210    @a北京@c中国人民大学出版社@d2004
215    @a238页@c图@d24cm
225 2  @a朗朗书房@i艺术东西丛书@v3
330    @a本书内容包括拉丁美洲美术、英国美术和女性主义研究三部分,第一部分包括古代印第安人美术和现代拉丁美洲美术;第二部分包括古代英国美术和现代英国美术;第三部分是作者近年来的研究热点。
461  0 @12001 @a朗朗书房
462  0 @12001 @a艺术东西丛书
517 1  @a外国美术史丛谈@Awai guo mei shu shi cong tan
606 0  @a美术史@y拉丁美洲
606 0  @a美术史@y英国
606 0  @a美术史
690    @aJ173.009@v4
690    @aJ156.109@v4
701  0 @a李建群@Ali jian qun@f(1955~)@4著
801  0 @aCN@bNLC@c20101222
905    @a10447@dJ173.009@eJY76
    
    拉美·英伦·女性主义:外国美术史丛谈/李建群著.-北京:中国人民大学出版社,2004
    238页:图;24cm.-(朗朗书房.艺术东西丛书;3)
    
    
    ISBN 7-300-05791-8:CNY29.80
    本书内容包括拉丁美洲美术、英国美术和女性主义研究三部分,第一部分包括古代印第安人美术和现代拉丁美洲美术;第二部分包括古代英国美术和现代英国美术;第三部分是作者近年来的研究热点。
●
相关链接 在E读中查询图书 在五车中查询图书 在当当中查询图书 在豆瓣中查询图书


正题名:拉美·英伦·女性主义     索取号:J173.009/JY76         预约/预借

序号 登录号 条形码 馆藏地/架位号 状态 备注
1 7833682   278336828   学院路分馆/ [索取号:J173.009/JY76] 在馆    
2 7833683   278336837   学院路分馆/ [索取号:J173.009/JY76] 在馆    
唐山师范学院图书馆 欢迎您!
大连网信软件有限公司© 版权所有